LEADER 02244nas 2200745-a 450 001 996208571503316 005 20230223213019.0 011 $a1878-562X 035 $a(DE-599)ZDB1496503-3 035 $a(OCoLC)45082651 035 $a(CKB)110984073530534 035 $a(CONSER)--2004233465 035 $a(EXLCZ)99110984073530534 100 $a20000927a20009999 s-- a 101 0 $aeng 135 $aurmn||||||||| 181 $ctxt$2rdacontent 182 $cc$2rdamedia 183 $acr$2rdacarrier 200 10$aBioelectrochemistry 210 $a[Amsterdam] $cElsevier Science B.V 300 $aRefereed/Peer-reviewed 300 $aTitle from contents screen (ScienceDirect, viewed Apr. 20, 2004). 300 $aSome issues also have distinctive titles. 311 $a1567-5394 606 $aBioelectrochemistry$vPeriodicals 606 $aBioenergetics$vPeriodicals 606 $aBiochemistry 606 $aElectrochemistry 606 $aBiochemistry 606 $aElectrochemistry 606 $aElectrochemistry$vPeriodicals 606 $aBiochemistry$vPeriodicals 606 $aBioélectrochimie$vPériodiques 606 $aBioénergétique$vPériodiques 606 $aBiochimie 606 $aÉlectrochimie 606 $abiochemistry$2aat 606 $aElectrochemistry$2fast$3(OCoLC)fst00906371 606 $aBiochemistry$2fast$3(OCoLC)fst00831961 606 $aBioelectrochemistry$2fast$3(OCoLC)fst00832013 606 $aBioenergetics$2fast$3(OCoLC)fst00832018 608 $aPeriodicals.$2fast 615 0$aBioelectrochemistry 615 0$aBioenergetics 615 0$aBiochemistry. 615 0$aElectrochemistry. 615 12$aBiochemistry 615 22$aElectrochemistry 615 22$aElectrochemistry 615 12$aBiochemistry 615 6$aBioélectrochimie 615 6$aBioénergétique 615 6$aBiochimie. 615 6$aÉlectrochimie. 615 7$abiochemistry. 615 7$aElectrochemistry. 615 7$aBiochemistry. 615 7$aBioelectrochemistry. 615 7$aBioenergetics. 712 02$aBioelectrochemical Society. 906 $aJOURNAL 912 $a996208571503316 996 $aBioelectrochemistry$9130476 997 $aUNISA LEADER 01967nam 2200517 450 001 9910827061203321 005 20230807211835.0 010 $a80-210-8247-X 035 $a(CKB)3710000000727299 035 $a(MiAaPQ)EBC4887191 035 $a(Au-PeEL)EBL4887191 035 $a(CaPaEBR)ebr11402952 035 $a(OCoLC)993047754 035 $a(EXLCZ)993710000000727299 100 $a20170725h20152015 uy 0 101 0 $acze 135 $aurcnu|||||||| 181 $2rdacontent 182 $2rdamedia 183 $2rdacarrier 200 10$aRasiyan-u qumq-a $eNa?dobka nektaru : anonymni? mongolska? ba?sen v rukopise z 18. stoleti? : faksimile rukopisu, transkripce a preklad /$fOndrej Srba 210 1$aBrno, [Czech Republic] :$cFilozoficka? fakulta, Masarykova univerzita,$d2015. 210 4$d©2015 215 $a1 online resource (277 pages) $ccolor illustrations 225 1 $aSpisy Masarykovy univerzity v Brne, Filozoficka? fakulta =$aOpera Universitatis Masarykianae Brunensis. Facultas philosophica,$x1211-3034 ;$vNumber 429 311 $a80-210-8010-8 320 $aIncludes bibliographical references and index. 410 0$aSpisy Masarykovy univerzity v Brne?, Filozoficka? fakulta ;$vNumber 429. 606 $aDidactic poetry, Mongolian$xHistory and criticism 606 $aMongolian poetry$xHistory and criticism 606 $aDidactic poetry, Mongolian$vTranslations into Czech 615 0$aDidactic poetry, Mongolian$xHistory and criticism. 615 0$aMongolian poetry$xHistory and criticism. 615 0$aDidactic poetry, Mongolian 676 $a894.231 700 $aSrba$b Ondr?ej$f1986-$01673427 702 $aSrba$b Ondr?ej$f1986- 702 $aHora?kova?$b Jana 712 02$aMasarykova univerzita v Brne?, 801 0$bMiAaPQ 801 1$bMiAaPQ 801 2$bMiAaPQ 906 $aBOOK 912 $a9910827061203321 996 $aRasiyan-u qumq-a$94037515 997 $aUNINA LEADER 02453nas 2200469 n 450 001 990008909330403321 005 20240229084255.0 011 $a0391-7770 035 $a000890933 035 $aFED01000890933 035 $a(Aleph)000890933FED01 035 $a000890933 091 $2CNR$aP 00051057 100 $a20161109a18429999km-y0itaa50------ba 101 0 $aita 102 $aIT 110 $aauu-------- 200 1 $aArchivio storico italiano 207 1$a1842- 210 $aFirenze$cOlschki 326 $aTrimestrale 421 0$12001$aArchivio storico italiano. Supplementi 530 0 $aArchivio storico italiano 675 $a945 676 $a945 712 02$aDeputazione di storia patria per la Toscana 801 0$aIT$bACNP$c20090723 859 4 $uhttp://acnp.cib.unibo.it/cgi-ser/start/it/cnr/dc-p1.tcl?catno=34696&person=false&language=ITALIANO&libr=&libr_th=unina1$zBiblioteche che possiedono il periodico 901 $aSE 912 $a990008909330403321 958 $aBiblioteca della Facoltà di Economia Complesso Universitario Monte S. Angelo- Università degli Studi di Napoli "Federico II"$b1943-$c1990;$eST.III-B-2/ST.III-C-1 Dep.$fDECBC 958 $aBRAU. Biblioteca di Ricerca di Area Umanistica$bDOPPIO PROVENIENTE DA NA071 1974-2005;$c2000;2002;$eSP - Per. it. estinto 53$fFLFBC 958 $aBRAU. Biblioteca di Ricerca di Area Umanistica$b1842-1851;1853;1855-1856;1858-1863;1865-1866;1868-1882;1884-1890;1892-1919;1921-1922;1924-1938;1940;1942-1972;1975-1977;1983-$c1983;1989;1992;$eITALIA 336$fFLFBC 959 $aDECBC 959 $aFLFBC 959 $aFLFBC 996 $aArchivio storico italiano$984781 997 $aUNINA AP1 8 $6866-01$aNA042 Biblioteca della Facoltà di Economia Complesso Universitario Monte S. Angelo- Università degli Studi di Napoli "Federico II"$bST.III-B-2/ST.III-C-1 Dep.$evia Cinthia,26, 80126 Napoli (NA)$m081676647-0816782$m081676684$nit AP1 8 $6866-02$aNA072 BRAU. Biblioteca di Ricerca di Area Umanistica$bSP - Per. it. estinto 53$ePiazza Bellini 56/60, 80133 Napoli (NA)$m(081) 2533948$nit AP1 8 $6866-03$aNA072 BRAU. Biblioteca di Ricerca di Area Umanistica$bITALIA 336$ePiazza Bellini 56/60, 80133 Napoli (NA)$m(081) 2533948$nit AP2 40$aacnp.cib.unibo.it$nACNP Italian Union Catalogue of Serials$uhttp://acnp.cib.unibo.it/cgi-ser/start/it/cnr/df-p.tcl?catno=34696&language=ITALIANO&libr=&person=&B=1&libr_th=unina&proposto=NO